U.S. States by Islands - Statistics

General Stats
  • This quiz has been taken 23 times
  • The average score is 11 of 16
Answer Stats
Island State % Correct
Kodiak Island Alaska
95%
Galveston Island Texas
95%
Santa Catalina California
90%
Key Largo Florida
90%
Nantucket Massachusetts
90%
Ellis Island* New Jersey
86%
Hilton Head Island South Carolina
86%
Mackinac Island Michigan
67%
Governors Island New York
62%
Ocracoke Island North Carolina
62%
Block Island Rhode Island
57%
Mercer Island Washington
57%
Wizard Island Oregon
52%
Saint Simons Island Georgia
43%
Mount Desert Island Maine
33%
Madeline Island Wisconsin
33%
No matching quizzes found
Score Distribution
Percent of People with Each Score
Percentile by Number Answered
Your Score History
You have not taken this quiz